00448nam a2200181Ia 4500003000400000008004100004040001600045082001600061100001700077245003400094700002500128700002100153260003100174300001000205650001200215650001700227650002200244GCL140319s9999 xx 000 0 eng d aGCL / cGCL04a965.03bA A1 aAOULI, SMAIL10aABD EL-KADER / cAOULI, SMAIL1 aZOUMMEROFF, PHILIPPE1 aREDJALA, RAMDANE a[S.N] : bFAYARD ، c1994 a623 P04aALGERIA04aABD EL-KADER04aALGERIA - HISTORY